Task orientation and technology change <a> suggested approach

Saved in:
Bibliographic Details
Main Author: Fei, John Ch
Other Authors: Ranis, Gustav
Format: Book
Language:English
Published: New Haven Yale University 1984
Series:Center Paper no. 363
Tags: Add Tag
No Tags, Be the first to tag this record!

MARC

LEADER 00000nam a2200000 4500
001 c107959
005 20181203150300.8
041 0 |a eng 
044 |a US 
245 1 0 |a Task orientation and technology change  |b <a> suggested approach  |c John Ch. Fei, Gustav Ranis 
264 1 |a New Haven  |b Yale University  |c 1984 
300 |a 16 s. 
490 1 |a Center Paper  |v no. 363 
830 0 |a Center Paper  |v no. 363 
100 1 |a Fei, John Ch. 
700 1 |a Ranis, Gustav